Language of vision (Record no. 12560)

MARC details
000 -CABECERA
campo de control de longitud fija 00932nam a2200277 4500
003 - IDENTIFICADOR DEL NÚMERO DE CONTROL
campo de control OSt
005 - FECHA Y HORA DE LA ÚLTIMA TRANSACCIÓN
campo de control 20260530115255.0
008 - DATOS DE LONGITUD FIJA--INFORMACIÓN GENERAL
campo de control de longitud fija 260417b1944 xxua|||| |||| 00| 0 eng d
040 ## - FUENTE DE LA CATALOGACIÓN
Centro catalogador/agencia de origen ICI
Lengua de catalogación spa
Centro/agencia transcriptor ICI
050 ## - SIGNATURA TOPOGRÁFICA DE LA BIBLIOTECA DEL CONGRESO
Número de clasificación N70
Número de documento/Ítem K45
100 1# - ENTRADA PRINCIPAL--NOMBRE DE PERSONA
Nombre de persona Kepes, Gyorgy
Fechas asociadas al nombre 906-2001,
9 (RLIN) 30338
245 10 - MENCIÓN DE TÍTULO
Título Language of vision
Mención de responsabilidad, etc. Gyorgy Kepes ; with introductory essays by S. Giedion and S.I. Hayakawa
250 ## - MENCIÓN DE EDICIÓN
Mención de edición First edition
264 #1 - PRODUCCIÓN, PUBLICACIÓN, DISTRIBUCIÓN, FABRICACIÓN Y COPYRIGHT
Nombre del de productor, editor, distribuidor, fabricante Paul Theobald
Fecha de producción, publicación, distribución, fabricación o copyright 1944
Producción, publicación, distribución, fabricación y copyright Chicago
300 ## - DESCRIPCIÓN FÍSICA
Extensión 228 páginas
Otras características físicas ilustraciones
336 ## - TIPO DE CONTENIDO
Término de tipo de contenido texto
Fuente rdacontent
337 ## - TIPO DE MEDIO
Nombre/término del tipo de medio sin medio
Fuente rdamedia
338 ## - TIPO DE SOPORTE
Nombre/término del tipo de soporte volumen
Fuente rdacarrier
500 ## - NOTA GENERAL
Nota general Reimpresiones: (1948) -- (1961)
650 #4 - PUNTO DE ACCESO ADICIONAL DE MATERIA--TÉRMINO DE MATERIA
Término de materia o nombre geográfico como elemento de entrada Perspectiva
650 #4 - PUNTO DE ACCESO ADICIONAL DE MATERIA--TÉRMINO DE MATERIA
Término de materia o nombre geográfico como elemento de entrada Arte |x Psicología
650 #4 - PUNTO DE ACCESO ADICIONAL DE MATERIA--TÉRMINO DE MATERIA
Término de materia o nombre geográfico como elemento de entrada Percepción espacial
9 (RLIN) 30341
700 #1 - PUNTO DE ACCESO ADICIONAL--NOMBRE DE PERSONA
Nombre de persona Giedion, S. |q (Sigfried)
Fechas asociadas al nombre 1888-1968,
Forma completa/desarrollada del nombre prologuista
9 (RLIN) 30342
700 #1 - PUNTO DE ACCESO ADICIONAL--NOMBRE DE PERSONA
Nombre de persona Hayakawa, S. I. |q (Samuel Ichiyé)
Fechas asociadas al nombre 1906-1992,
Término indicativo de función/relación prologuista
9 (RLIN) 30343
942 ## - ELEMENTOS DE PUNTO DE ACCESO ADICIONAL (KOHA)
Fuente del sistema de clasificación o colocación Dewey Decimal Classification
Tipo de ítem Koha

No items available.